Statistics for Cities by Chinese Pronunciation #2

Click here to take the quiz!

General Stats

  • This quiz has been taken 11 times
  • The average score is 9 of 20

Answer Stats

ChineseEnglish% Correct
AnkalaAnkara
91%
DakaDhaka
91%
DibaiDubai
91%
KailuoCairo
82%
GuadalahalaGuadalajara
73%
Lahe'erLahore
73%
BolinBerlin
73%
LiyadeRiyadh
55%
MadeliMadrid
55%
YangguangYangon
45%
LagesiLagos
45%
Banjialuo'erBangalore
45%
BuyinuosiailisiBuenos Aires
36%
DaleisisalamuDar es Salaam
27%
BaliParis
18%
AbirangAbidjan
18%
DeheilanTehran
9%
XiniSydney
0%
DuolunduoToronto
0%
Jia'ergedaKolkata
0%

Score Distribution

Percentile by Number Answered

Percent of People with Each Score

Your Score History

You have not taken this quiz